The art of city sketching : a field manual (Record no. 10575)
[ view plain ]
| 000 -LEADER | |
|---|---|
| fixed length control field | 00348nam a2200145Ia 4500 |
| 003 - CONTROL NUMBER IDENTIFIER | |
| control field | OSt |
| 005 - DATE AND TIME OF LATEST TRANSACTION | |
| control field | 20220331174653.0 |
| 008 - FIXED-LENGTH DATA ELEMENTS--GENERAL INFORMATION | |
| fixed length control field | 220318s9999 xx 000 0 und d |
| 020 ## - INTERNATIONAL STANDARD BOOK NUMBER | |
| International Standard Book Number | 9780416817813 |
| 082 ## - DEWEY DECIMAL CLASSIFICATION NUMBER | |
| Classification number | 720.284 |
| 100 ## - MAIN ENTRY--PERSONAL NAME | |
| Personal name | Abrams, Michael |
| 245 #4 - TITLE STATEMENT | |
| Title | The art of city sketching : a field manual |
| 260 ## - PUBLICATION, DISTRIBUTION, ETC. (IMPRINT) | |
| Place of publication, distribution, etc | Routledge |
| 942 ## - ADDED ENTRY ELEMENTS (KOHA) | |
| Source of classification or shelving scheme | |
| Withdrawn status | Lost status | Source of classification or shelving scheme | Damaged status | Koha normalized classification for sorting | Not for loan | Permanent location | Current location | Date acquired | Source of acquisition | Cost, normal purchase price | Total Checkouts | Total Renewals | Full call number | Barcode | Date last seen | Date last borrowed | Cost, replacement price | Price effective from | Koha item type |
|---|---|---|---|---|---|---|---|---|---|---|---|---|---|---|---|---|---|---|---|
| 720_284000000000000 | BMS College of Architecture, Design and Planning | BMS College of Architecture, Design and Planning | 2022-03-30 | 6 | 3580.85 | 1 | 1 | 720.284 | AR-UG2682 | 2025-09-30 | 2025-09-23 | 5115.50 | 2022-04-04 | UG Books | |||||
| 720_284000000000000 | BMS College of Architecture, Design and Planning | BMS College of Architecture, Design and Planning | 2022-03-28 | 6 | 3580.85 | 2 | 720.284 | AR-UG2637 | 2025-10-09 | 2025-09-23 | 5115.50 | 2022-05-16 | UG Books |